Battle of Big Bethel : crucial clash in early Civil War Virginia /

Bibliographic Details
Main Authors: Cobb, J. Michael (Author), Hicks, Edward B. (Author), Holt, Wythe, 1942- (Author)
Format: Book
Language:English
Published: El Dorado Hills, California : Savas Beatie, [2019]
Edition:First paperback edition.
Subjects:

MARC

Tag First Indicator Second Indicator Subfields
LEADER 00000cam a2200000 i 4500
001 in00004173021
005 20200117104152.0
008 180817t20192019cauab b 001 0 eng d
020 |a 1611214718  |q paperback 
020 |a 9781611214710  |q paperback 
035 |a (OCoLC)on1048944360 
040 |a DLC  |e rda  |c DLC  |d UtOrBLW 
049 |a TXAM 
050 0 0 |a E472.14  |b .C63 2019 
082 0 0 |a 973.7/31  |2 23 
100 1 |a Cobb, J. Michael,  |e author.  |0 http://id.loc.gov/authorities/names/n2008083258 
245 1 0 |a Battle of Big Bethel :  |b crucial clash in early Civil War Virginia /  |c J. Michael Cobb, Edward B. Hicks, Wythe Holt. 
250 |a First paperback edition. 
264 1 |a El Dorado Hills, California :  |b Savas Beatie,  |c [2019] 
264 4 |c ©2019 
300 |a xix, 291 pages :  |b illustrations, maps ;  |c 23 cm. 
336 |a text  |b txt  |2 rdacontent 
337 |a unmediated  |b n  |2 rdamedia 
338 |a volume  |b nc  |2 rdacarrier 
504 |a Includes bibliographical references (pages [267]-283) and index. 
650 0 |a Big Bethel, Battle of, Va., 1861.  |0 http://id.loc.gov/authorities/subjects/sh85013946 
700 1 |a Hicks, Edward B.,  |e author.  |0 http://id.loc.gov/authorities/names/n2013010748 
700 1 |a Holt, Wythe,  |d 1942-  |e author.  |0 http://id.loc.gov/authorities/names/n86032342 
945 |b 191775 
947 |a A14850839169 
948 |a cataloged  |b h  |c 2019/10/14  |d c  |e dmitchel  |f 12:00:00 pm 
994 |a 92  |b TXA 
999 f f |s db0f7098-8beb-3028-b282-b703efa2b7f4  |i ac20626b-9b39-36c1-9db1-804213672ccd  |t 0 
952 f f |p normal  |a Texas A&M University  |b College Station  |c Sterling C. Evans Library  |d Evans: Library Stacks  |t 0  |e E472.14 .C63 2019  |h Library of Congress classification  |i unmediated -- volume  |m A14850839169 
998 f f |a E472.14 .C63 2019  |t 0  |l Evans: Library Stacks